000 00770nam a22002537a 4500
003 AR-FvUNAJ
005 20250221140756.0
008 230904s2021 | |||| 00| 0 spa d
020 _a968-16-1051-2
040 _cAR-FvUNAJ
_dAR-FvUNAJ
_eaacr2
082 1 4 _214
_a342
100 1 _921206
_aHamilton, A.
245 1 3 _aEl federalista /
_cA. Hamilton, J. Madison, J. y J. Jay
250 _a6a reimpr.
260 _aMéxico:
_bFondo de Cultura Económica,
_c1998
300 _axxiv, 430 p.
440 _921209
_aPolítica y Derecho
650 2 7 _912171
_aHISTORIA CONSTITUCIONAL
_2unescot
650 2 7 _912064
_aCONSTITUCIONALISMO
_2saijt
651 2 7 _93085
_aESTADOS UNIDOS
_2unescot
700 1 _921207
_aMadison, J.
700 1 _921208
_aJay, J.
942 _2ddc
_cLIBRO
999 _c10721
_d10721
980 _619226
_a Palazón Marcela I.
_819226
_g Palazón Marcela I.